Clausura de un curso para tocólogos en la Casa Provincial de Maternidad
Colección:
San Jorge,
; núm. 20 (octubre 1955), pàg 84
Materias:
Casa de Maternitat i Expòsits de Barcelona
; Ginecòlegs -- Formació
; Llevadores -- Formació
; Ginecologia -- Ensenyament
Idioma:
Español
MARC
| LEADER | 00000naa a2200000 a 4500 | ||
|---|---|---|---|
| 003 | Arxiu | ||
| 005 | 20260324181037.0 | ||
| 008 | 160829s1955 spc xx s spa c 000 0 cat d | ||
| 040 | |a AGDB | ||
| 245 | 0 | 0 | |a Clausura de un curso para tocólogos en la Casa Provincial de Maternidad |
| 490 | |a San Jorge, |v núm. 20 (octubre 1955), pàg 84 | ||
| 610 | 2 | 0 | |a Casa de Maternitat i Expòsits de Barcelona |9 52670 |
| 650 | |a Ginecòlegs |x Formació |9 30800 | ||
| 650 | |a Llevadores |x Formació |9 30798 | ||
| 650 | 0 | |a Ginecologia |x Ensenyament |9 36888 | |
| 773 | |g Núm. 20 (octubre 1955), pàg 84 |t San Jorge. | ||
| 901 | |a Arxiu | ||
| 942 | |n 1 |2 udc |c ART | ||
| 952 | |0 0 |1 0 |4 0 |6 REV510 |7 1 |9 65449 |a Arxiu |b Arxiu |d 2023-03-06 |l 0 |o Rev-510 |r 2023-03-06 00:00:00 |w 2023-03-06 |y ARXIU |z També disponible a Rev-524 | ||
| 999 | |c 48696 |d 48696 | ||